An introductory course on group theory and chemical applications (Record no. 12989)
[ view plain ]
| 000 -LEADER | |
|---|---|
| fixed length control field | 01474nam a2200373 a 4500 |
| 082 04 - DEWEY DECIMAL CLASSIFICATION NUMBER | |
| Classification number | 540.1/5122 |
| 100 1# - MAIN ENTRY--AUTHOR NAME | |
| Personal name | Hilal, Hikmat S. |
| 245 13 - TITLE STATEMENT | |
| Title | An introductory course on group theory and chemical applications |
| 260 ## - PUBLICATION, DISTRIBUTION, ETC. (IMPRINT) | |
| Place of publication | New York : |
| Name of publisher | Novinka, |
| Year of publication | c2011. |
| 300 ## - PHYSICAL DESCRIPTION | |
| Number of Pages | viii, 85 p. : |
| Other physical details | ill. |
| 490 1# - SERIES STATEMENT | |
| Series statement | Chemistry research and applications |
| Series statement | Mathematics research developments |
| 650 #0 - SUBJECT ADDED ENTRY--TOPICAL TERM | |
| Topical Term | Group theory. |
| Topical Term | Chemical bonds. |
| 700 1# - ADDED ENTRY--PERSONAL NAME | |
| Personal name | Sayda, Abed Al-Hafez. |
| 856 40 - ELECTRONIC LOCATION AND ACCESS | |
| Uniform Resource Identifier | http://site.ebrary.com/lib/rucke/Doc?id=10686111 |
No items available.
